00768nam a2200193 i 4500001000700000003000900007005001700016007000300033008004100036100002300077245012400100260005900224300003500283505013100318650002300449700003600472700004300508852002300551114645ES-MaACL20250815062535.0t|070316s1907 sp ||||1| spa d1 aReclus, Onésime.10aNovísima geografía universal / cOnésimo y Eliseo Reclus ; traducción y prólogo de Vicente Blasco Ibáñez. aMadrid : bLa Editorial Española-Americana, c[1907] a6 v. : bil., mapas ; c22 cm.0 a1. Europa - 2. Asia - 3. África - 4. América del Norte - 5. América Central y del Sur - 6. América del Sur y Oceanía07aGeografía2embne1 aReclus, Élisée, d1830-19051 aBlasco Ibáñez, Vicente,d1867-1928 aES-MaACLjB-957-62